000 00552nam a2200181Ia 4500
008 090124s9999 xx 000 0 und d
082 _b125544
100 _aकोलारकर शरद
245 _a जगावेगळे जीवन रंग
250 _a1
260 _c1992
300 _a188
600 _aकोलारकर शरद
630 _a जगावेगळे जीवन रंग
700 _aकोलारकर शरद
730 _a जगावेगळे जीवन रंग
942 _cBOOK
999 _c171634
_d171634